Škála možností spolupráce se Španělskem je veliká.

Atašé obchodného oddelenia a obchodný radca čs. veľvyslanectva v Španielsku informujú, ako si počínať pri nadväzovaní obchodných vzťahov so španielskymi partnermi, a ako sa vyhnúť možným ťažkostiam a rizikám. ČSFR ako atraktívny trh. Tradičné obchodné väzby. Ako spracovávať diverzifikovaný španielsk...

Descripción completa

Guardado en:
Detalles Bibliográficos
Autor principal: Beneš, V.
Otros Autores: Ryšánek, V.
Formato: Capítulo de libro
Lenguaje:checo
Materias:
Etiquetas: Agregar Etiqueta
Sin Etiquetas, Sea el primero en etiquetar este registro!

MARC

LEADER 00000naa a2200000 4500
001 r009174
005 20220831085306.7
041 0 |a cze 
044 |a [CS] 
245 1 0 |a Škála možností spolupráce se Španělskem je veliká.  |c V. Beneš, V. Ryšánek 
520 |a Atašé obchodného oddelenia a obchodný radca čs. veľvyslanectva v Španielsku informujú, ako si počínať pri nadväzovaní obchodných vzťahov so španielskymi partnermi, a ako sa vyhnúť možným ťažkostiam a rizikám. ČSFR ako atraktívny trh. Tradičné obchodné väzby. Ako spracovávať diverzifikovaný španielsky trh. Problematika zastupiteľských zmlúv a zmiešaných firiem. 
610 2 0 |a spolupráca hospodárska medzinárodná 
610 2 0 |a ČSFR 
610 2 0 |a Španielsko 
610 2 0 |a obchod medzinárodný 
610 2 0 |a trh medzinárodný 
610 2 0 |a diverzifikácia 
610 2 0 |a zastupiteľstvá obchodné 
610 2 0 |a podnik zmiešaný 
610 2 0 |a riziko 
100 1 |a Beneš, V. 
700 1 |a Ryšánek, V.